| 000 | 00812nam a22001817a 4500 | ||
|---|---|---|---|
| 003 | OSt | ||
| 005 | 20240615120516.0 | ||
| 008 | 240615b ||||| |||| 00| 0 eng d | ||
| 040 | _cAIMIT LIBRARY | ||
| 100 |
_aMendonca, Lydia Shanthi. _e2116090 _9171035 |
||
| 245 |
_aStudy on the impact of training school dropouts in skills leading to employment : with special reference to beneficiaries of fvtrs at Bangalore / _bwith special reference to beneficiaries of fvtrs at Bangalore _cBy Lydia Shanthi Mendonca ; Guided by Annette Sonia Maben. |
||
| 260 |
_aBangalore ; _c2023. |
||
| 650 |
_aResearch methodology _9171036 |
||
| 650 |
_aData analysis and interpretation _9171037 |
||
| 700 |
_aMaben, Annette Sonia. _eGuide _9171038 |
||
| 856 | _3Functional vocational training and research society | ||
| 942 |
_2ddc _cPRO |
||
| 999 |
_c231201 _d231201 |
||